00698naa a2200157 i 45000010005000000030009000050050017000140080039000310400021000701000116000912450104002076500027003117730174003389420013005129990015005259298KOSZ 00520180323104043.0151123s2007 pl n f |000 0pol cBPKdKOSZ 005/EG1 aSKRZYPNIAK, Ryszard.d1996 - .bPolitechnika Koszalińska - Wydział Mechaniczny,cKatedra Nauk Pedagogicznych10aWychowawca i wychowanek w świetle współczesnych koncepcji wychowawczych /cRyszard Skrzypniak. 0aWychowanie w rodzinie.0 iW :tWychowanie w zreformowanej szkole : kierunki rozwoju / red. nauk Leszek Pawelski. - dSzczecinek : Polskie Stowarzyszenie Nauczycieli Twórczych, 2007. -gs. 59-86 cROZ2UKD c9298d9298